Border to Border #3 - Statistics

General Stats
  • This quiz has been taken 287 times
    190 since last reset
  • The average score is 25 of 29
Answer Stats
Starting country: South Africa E. % Correct
Eswatini M.
99%
Mozambique T.
95%
Tanzania R.
95%
D.R Congo C.
93%
Rwanda D.
93%
Central African Republic C.
92%
Algeria M.
91%
Cameroon N.
91%
Morocco S.
91%
Niger A.
91%
Nigeria N.
91%
France B.
89%
Spain F.
89%
Brazil B.
81%
Bolivia P.
79%
Colombia P.
79%
Costa Rica N.
79%
Ecuador C.
79%
Honduras E.
79%
Nicaragua H.
79%
Panama C.
79%
Peru E.
79%
El Salvador G.
78%
Belize M.
77%
Canada D.
77%
{Denmark}, Greenland (disputed border)
77%
Guatemala B.
77%
Mexico U.
77%
United States C.
77%
No matching quizzes found
Score Distribution
Percent of People with Each Score
Percentile by Number Answered
Your Score History
You have not taken this quiz since the last reset